=LDR 00000nam 2200000 4500 =001 NUTBA000000000005000 =005 20141016090250.0 =006 =007 =008 =020 ##$$a 978-602-855-185-4 =035 ##$$a 0010-101400000000230 =040 ##$$a NBPDMAT =082 ##$$a 919 =090 ##$$a 919 $b Cep m =100 ##$$a Cepy Suherman =245 ##$$a Menjelajah wilayah kutub / $c Cepy Suherman =260 ##$$a Jakarta : $b Buana Cipta Pustaka, $c 2009 =300 ##$$a 58 hlm. : $b ilus. ; $c 24 cm. =500 ##$$a Bibliografi : hlm. 58 =650 ##$$a Kutub, Daerah =850 ##$$a NBPDMAT